000 01047nam a2200313 a 4500
001 000005230
003 DO-SdBPM
005 20250212075337.0
007 000005230
008 090818s2007 dr a 000 0 spa d
020 _a9789945068597
040 _aBPMSU
_bspa
_cBPMSU
082 4 _aRD863.44
_bE74v 2007
_222
100 1 _aEscorbort, Juana
245 1 0 _aVivencias infantiles /
_cJuana Escorbort ; edición Isael Pérez ; ilustración Juana Escorbort , Robbin Núñez.
250 _a2a ed.
260 _aSanto Domingo :
_bSantuario,
_c2007.
300 _a84 p. :
_bil. ;
_c21 cm.
500 _aIncluye datos biográficos de la autora en la contracubierta
590 _aInventariado, 2025/VM
650 4 _aCuentos infantiles dominicanos
650 4 _aLiteratura infantil deominicana
650 4 _aRelatos personales
_vCuentos infantiles
700 1 _aPérez, Isael
_eeditor
700 1 _aNúñez, Robbin
_eilustración
910 _aVMateo V. Control de calidad BPMSU
930 1 _l
_m
_8
_f
_p
_g
_h
942 _2ddc
_cBK
999 _c7832
_d7832